| 000 | 00775nam a2200205 i 4500 | ||
|---|---|---|---|
| 001 | 29492 | ||
| 003 | ES-MaACL | ||
| 005 | 20230906154037.0 | ||
| 007 | t| | ||
| 008 | 030122s1888 sp ||||1| spa d | ||
| 100 | 1 |
_aBark, Ernesto. _925673 |
|
| 245 | 1 | 0 |
_aEspaña y el extranjero _b: estudios, comparaciones y franquezas literarias y políticas de un cosmopolita ; La política y los políticos ; La literatura y la prensa ; ¿Alemania-Francia? / _cErnesto Bark. |
| 260 |
_aMadrid : _bBiblioteca de la Spanisch Deutsche Revue : _bLa Publicidad, _c1888. |
||
| 300 |
_a110 p. ; _c18 cm. |
||
| 740 | 3 | _aLa política y los políticos. | |
| 740 | 3 | _aLa literatura y la prensa. | |
| 740 | 0 | _a¿Alemania-Francia? | |
| 852 |
_aES-MaACL _jT-480-F-6 |
||
| 852 |
_aES-MaACL _jD-2463 |
||
| 999 |
_c29492 _d29492 |
||